000 02040cam a22001814a 4500
005 20250605164402.0
008 250528s ||||||||||||||||||||||||d
035 _a24627
040 _aGR-AtMCL
_bgre
_dGR-AtMCL
_eAACR2
245 1 _aΈνας Δράκος στο Φλιτζάνι μου - Το Λεξικό των Υλικών - Στο Μουσείο Ολοταχώς - Τη Βάγια τη Πειραματού - Κατασκευές για το Φθινόπωρο τις Πρώτες Ημέρες στο Σχολείο την 28η Οκτωμβρίου
260 _bΔημιουργικό Εργαστήρι,
_c2012
300 _a60
520 _aΈνας Δράκος στο Φλιτζάνι μου, Μαθαίνοντας τους Αριθμούς με την Κυρία Κουκουβάγια, Φτιάξτε το Δικό σας Παραμύθι, Παρουσιολόγιο με Σπίτια, Κούκλα Μαρότα, Μολυβοθήκη Τιγράκι, Χεράκια Ουράνιο Τόξο, Ένα Πάντα από Πιατάκι του Πάρτι, Καμηλοπάρδαλη, Αλογάκι στο Λιβάδι, Κουτί Ανακύκλωσης, Mobile Μολύβι με Αριθμούς, Φθινοπωρινό Δέντρο, Οι Θησαυροί της Φύσης, Φθινοπωρινό Μόμπιλε με Φυσικά Φύλλα, Φύλλα από Σπόρους, Φθινοπωρινή Κορνίζα, Τοτέμ Πουλιών, 'Νόστιμες' Φατσούλες, Πήλινο Χελωνάκι, Κολιέ ή Βραχιόλι από Ζυμαρικά, Κουμπαράς Βάτραχος, Κουμπαράς Τύμπανο, Τα Παδάκια του Φθινοπώρου, Πάμε στην Παρέλαση, Τι Ανακαλύπτω στο Πελεμικό Μουσείο της Αθήνας, Ο Χορός των Ποπ-Κορν, Muffins με Νιφάδες Βρώμης και Μπανάνες.
700 1 _aΒασδέκη Κυριακή
_99498
942 _cCR
999 _c9496
_d9496